Statystyki dla Na Terenie Jakiego Państwa Znajdują się te Miasta #2

Kliknij tutaj aby rozwiązać quiz!

Ogólne statystyki

  • Ten quiz został rozwiązany 5 583 razy
  • Średni wynik to 21 z 30

Statystyki odpowiedzi

Nazwa MiastaNazwa Państwa% Poprawnych
OksfordWielka Brytania
97%
FlorencjaWłochy
97%
WładywostokRosja
94%
BordeauxFrancja
94%
SewillaHiszpania
92%
TurynWłochy
92%
SalzburgAustria
92%
GlasgowWielka Brytania
91%
OrlandoStany Zjednoczone
90%
RotterdamHolandia
89%
DusseldorfNiemcy
89%
PjongjangKorea Północna
88%
MelbourneAustralia
80%
Tel AwiwIzrael
79%
NysaPolska
78%
TbilisiGruzja
65%
SantiagoChile
64%
MinneapolisStany Zjednoczone
64%
OdessaUkraina
60%
KalkutaIndie
58%
MekkaArabia Saudyjska
58%
JohannesburgRepublika Południowej Afryki
57%
DakarSenegal
55%
ChengduChiny
54%
KłajpedaLitwa
51%
Addis AbebaEtiopia
48%
Sao LuisBrazylia
39%
BiszkekKirgistan
24%
San JoséKostaryka
22%
PeszawarPakistan
17%

Rozkład punktacji

Percentyl według liczby udzielonych odpowiedzi

Procent ludzi z każdym wynikiem

Twoja historia wyników

Nie rozwiązałeś tego quizu